000 00435cam a2200181ua 4500
020 _c5.00
041 _ahin
_h
082 _a891.54
_bBHA/PA
100 _aBhagavati Prasad, Vajpey.
245 _aPatvar /
_cBhagavati prasad Vajpey.
_hTextual Documents
250 _a1 /
_b.
260 _aDelhi :
_bMunshiram Manoharlal ,
_c1952.
300 _a317 ; .
365 _a5.00
504 _a
942 _cBK
999 _c8347
_d8347